ՀՀ Գիտությունների ազգային ակադեմիայի հիմնարար գիտական գրադարան  =   Fundamental Scientific Library of NAS RA

Методы оптимального планирования добычи нефти : (Record no. 374683)

MARC details
000 -LEADER
fixed length control field 01456nam a2200217 a 4500
001 - CONTROL NUMBER
control field 001173392
003 - CONTROL NUMBER IDENTIFIER
control field AM-YeHGA
005 - DATE AND TIME OF LATEST TRANSACTION
control field 20250617152634.0
008 - FIXED-LENGTH DATA ELEMENTS--GENERAL INFORMATION
fixed length control field 160905s1978 ru 000 0 rus d
040 ## - CATALOGING SOURCE
Original cataloging agency AM-YeHGA
041 0# - LANGUAGE CODE
Language code of text/sound track or separate title rus
090 ## - LOCALLY ASSIGNED LC-TYPE CALL NUMBER (OCLC); LOCAL CALL NUMBER (RLIN)
-- 376567
245 00 - TITLE STATEMENT
Title Методы оптимального планирования добычи нефти :
Remainder of title Материалы выездной сессии Научного совета по проблемам разработки нефтяных месторождений АН СССР и Научно-технического совета М-ва нефтяной промышленности, проходившей в июне 1976 г. в г. Тюмени /
Statement of responsibility, etc. АН СССР, Ин-т геологии и разраб. горючих ископаемых; Отв. ред.: Н.М. Николаевский, Ю.П. Желтов.
260 ## - PUBLICATION, DISTRIBUTION, ETC.
Place of publication, distribution, etc. Москва :
Name of publisher, distributor, etc. Наука,
Date of publication, distribution, etc. 1978.
300 ## - PHYSICAL DESCRIPTION
Extent 317 с. :
Other physical details ил.
504 ## - BIBLIOGRAPHY, ETC. NOTE
Bibliography, etc. note Библиогр.: в конце статей
653 0# - INDEX TERM--UNCONTROLLED
Uncontrolled term Нефтедобывающая промышленность - Планирование - Математические методы
700 1# - ADDED ENTRY--PERSONAL NAME
Personal name Николаевский, Николай Матвеевич
Relator term ред.
Relationship edt
700 1# - ADDED ENTRY--PERSONAL NAME
Personal name Желтов, Юрий Петрович
Relator term ред.
Relationship edt
710 2# - ADDED ENTRY--CORPORATE NAME
Corporate name or jurisdiction name as entry element Институт геологии и разработки горючих ископаемых АН СССР
Holdings
Withdrawn status Lost status Source of classification or shelving scheme Damaged status Not for loan Collection Home library Current library Date acquired Total checkouts Full call number Barcode Date last seen Price effective from Koha item type Public note
    Universal Decimal Classification     General Fundamental Scientific Library Fundamental Scientific Library 11/01/2017   PII/410562 FL0424592 11/01/2017 11/01/2017 Գրքեր / Books 30 Days Loan


ՀՀ ԳԱԱ հիմնարար գիտական գրադարան
ՀՀ,Երևան 0019
Մարշալ Բաղրամյան 24/6
հեռախոս:(374-10) 52-47-50
Հետադարձ կապ

All site content, except where otherwise noted, is licensed under a
Creative Commons License